Effet des plantes a` odeur forte sur les insectes nuisivles du chou chinois a` la station expe`rimentale de la faculte` des sciences en Agrononie. (Record no. 1568)

000 -LEADER
fixed length control field 00507nam a22001577a 4500
003 - CONTROL NUMBER IDENTIFIER
control field OSt
005 - DATE AND TIME OF LATEST TRANSACTION
control field 20151001103310.0
008 - FIXED-LENGTH DATA ELEMENTS--GENERAL INFORMATION
fixed length control field 151001b xxu||||| |||| 00| 0 eng d
040 ## - CATALOGING SOURCE
Transcribing agency RUA
082 ## - DEWEY DECIMAL CLASSIFICATION NUMBER
Classification number AGR CHI 2005 B062 Or.1
100 ## - MAIN ENTRY--PERSONAL NAME
9 (RLIN) 1662
Personal name CHI, DIMANCHE.
245 ## - TITLE STATEMENT
Title Effet des plantes a` odeur forte sur les insectes nuisivles du chou chinois a` la station expe`rimentale de la faculte` des sciences en Agrononie.
260 ## - PUBLICATION, DISTRIBUTION, ETC. (IMPRINT)
Place of publication, distribution, etc. phnom phen
Name of publisher, distributor, etc. RUA
Date of publication, distribution, etc. 2005
300 ## - PHYSICAL DESCRIPTION
Extent 35p.
Other physical details ill.
Dimensions 29cm.
942 ## - ADDED ENTRY ELEMENTS (KOHA)
Source of classification or shelving scheme
Koha item type AGR
Holdings
Price effective from Date last seen Permanent Location Not for loan Date acquired Source of classification or shelving scheme Koha item type Barcode Lost status Damaged status Shelving location Withdrawn status Current Location Full call number
2015-10-012015-10-01Library Block B 2015-10-01 AGRRUA017816  B062 Library Block BAGR CHI 2005 B062 Or.1
2015-10-012015-10-01Library Block B 2015-10-01 AGRRUA017672  B062 Library Block BAGR CHI 2005 B062 Or.2
2015-10-012015-10-01Library Block B 2015-10-01 AGRRUA003017  B062 Library Block BAGR CHI 2005 B062 Or.3
2015-10-012015-10-01Library Block B 2015-10-01 AGRRUA003161  B062 Library Block BAGR CHI 2005 B062 Or.4
2015-10-012015-10-01Library Block B 2015-10-01 AGRRUA003233  B062 Library Block BAGR CHI 2005 B062 Or.5
2015-10-012015-10-01Library Block B 2015-10-01 AGRRUA003036  B062 Library Block BAGR CHI 2005 B062 Or.6
មជ្ឈមណ្ឌលឯការនៃសាកលវិទ្យាល័យភូមិន្ទកសិកម្មចំការដូង

Powered by Koha